000 00501nam a2200169 i 4500
001 97919
003 ES-MaACL
005 20230906182201.0
007 t|
008 050719s1958 sp ||||1| spa d
100 1 _aMariscal Montes, Julio.
_976894
245 1 0 _aQuinta palabra
_b: sonetos (1957) /
_cJulio Mariscal Montes.
260 _aArcos de la Frontera :
_b[s.n.],
_c1958 (
_fArcobricense)
300 _a61 p. ;
_c18 cm.
500 _aCon ret. del autor.
852 _aES-MaACL
_jC-18812
_bR.46120
999 _c97919
_d97919